Normal view MARC view

Entry Personal Name

Number of records used in: 1

001 - CONTROL NUMBER

  • control field: 624118

003 - CONTROL NUMBER IDENTIFIER

  • control field: OSt

005 - DATE AND TIME OF LATEST TRANSACTION

  • control field: 20221005110517.0

008 - FIXED-LENGTH DATA ELEMENTS

  • fixed length control field: 221005|| aca||aabn | a|a d

040 ## - CATALOGING SOURCE

  • Original cataloging agency: OSt
  • Transcribing agency: OSt

100 ## - HEADING--PERSONAL NAME

  • Personal name: कलिकालसर्वज्ञ आचार्य हेमन्द्र

670 ## - SOURCE DATA FOUND

  • Source citation: Work cat.: (OSt)1019050: कलिकालसर्वज्ञ आचार्य हेमन्द्र, लघ्वर्हत्रीति, 2013
Copyright @ Delhi University Library System